LIBRARY ONLINE CATALOGUE

Peter Norton's introduction to computers / (Record no. 2234)

MARC details
000 -LEADER
fixed length control field 00747cam a22002532 4500
001 - CONTROL NUMBER
control field 0000003779
005 - DATE AND TIME OF LATEST TRANSACTION
control field 20151217145740.0
008 - FIXED-LENGTH DATA ELEMENTS--GENERAL INFORMATION
fixed length control field 070515s xx 000 0 eng d
020 ## - INTERNATIONAL STANDARD BOOK NUMBER
International Standard Book Number 0070447438 :
Terms of availability KES 685
040 ## - CATALOGING SOURCE
Original cataloging agency KABU
Transcribing agency KABU
050 #0 - LIBRARY OF CONGRESS CALL NUMBER
Classification number QA76
Item number .N67 2001
100 1# - MAIN ENTRY--PERSONAL NAME
Personal name Norton, Peter.
-- 0000153923
245 10 - TITLE STATEMENT
Title Peter Norton's introduction to computers /
Statement of responsibility, etc. Peter Norton.
246 3# - VARYING FORM OF TITLE
Title proper/short title Introduction to computers
250 ## - EDITION STATEMENT
Edition statement 4th ed.
260 ## - PUBLICATION, DISTRIBUTION, ETC. (IMPRINT)
Place of publication, distribution, etc. New Delhi :
Name of publisher, distributor, etc. Tata McGraw-Hill,
Date of publication, distribution, etc. 2001.
300 ## - PHYSICAL DESCRIPTION
Extent xxx, 610 p.
650 #0 - SUBJECT ADDED ENTRY--TOPICAL TERM
Topical term or geographic name as entry element Computer science.
-- 0000058480
650 #0 - SUBJECT ADDED ENTRY--TOPICAL TERM
Topical term or geographic name as entry element Computers.
-- 0000153924
650 #0 - SUBJECT ADDED ENTRY--TOPICAL TERM
Topical term or geographic name as entry element Computer software.
-- 0000153925
908 ## - PUT COMMAND PARAMETER (RLIN)
Put command parameter 070515
950 ## - LOCAL HOLDINGS (RLIN)
-- 1
Holdings
Withdrawn status Lost status Source of classification or shelving scheme Not for loan Home library Current library Date acquired Total Checkouts Full call number Date last seen Price effective from Koha item type
    Library of Congress Classification   Kabarak, Main Campus Kabarak, Main Campus 17/12/2015   QA76 .N67 2001 17/12/2015 17/12/2015 General Collection